00844nam a2200217Ia 4500003000900000008004100009020001800050040001600068080002600084245017100110260004500281300001000326490001600336650004100352650004600393650002600439700003600465942000700501999001500508952010300523IN-BaIIA211028s9999 xx 000 0 eng d a92-9092-112-9 cIIA Library a520.6.05(523.64)bESA 0aIUE-ULDA access guide no. 2bInternational ultraviolet explorer-uniform low dispersion archive cometsccompiled by Michel C. Festou  aNetherlandsbEuropean Space Agencyc1990 a191p. aESA SP-1134 aAstronomy and astrophysics thesaurus aInternational ultraviolet explorer912266 aIUE-ULDA guide916905 aFestou, Michel C., comp.916906 cBK c9958d9958 00104070aBANbBANcGENd0000-00-00l0o520.6.05(523.64)/ ESAp10868r2021-11-05w0000-00-00yBK